00261nam a22001097a 4500008004100000020001800041041000800059080000800067100000700075101000800082245006100090181107b xxu||||| |||| 00| 0 eng d a9780023971914 aeng a316 a50 aSOC aThe social environment and human behaviorcGoldon, N. Th